Easy and Hard Numbers - Statistics

General Stats
  • This quiz has been taken 470 times
    442 since last reset
  • The average score is 11 of 15
Answer Stats
Hint Answer % Correct
How many seconds in a minute? 60
100%
How many minutes in an hour? 60
100%
How many hours in a day? 24
99%
How many months in a year? 12
98%
How many days in a week? 7
98%
How many weeks in a month (approximately)? 4
97%
How many years in a decade? 10
96%
How many years in a century? 100
95%
How many years in a millenium? 1000
94%
How many weeks in a year? 52
88%
How many seconds in a hour? 3600
79%
How many seconds in a day? 86400
59%
How many seconds in a month? 2629743
4%
How many seconds in a year? 31556926
1%
How many seconds in a millenium? 3.1556926*10 to the power of 10
0%
No matching quizzes found
Score Distribution
Percent of People with Each Score
Percentile by Number Answered
Your Score History
You have not taken this quiz since the last reset